| 000 | 01075nam a22002535i 4500 | ||
|---|---|---|---|
| 001 | 153720 | ||
| 003 | ES-MaACL | ||
| 005 | 20250827062627.0 | ||
| 008 | 980929s1845 sp |||| | spa d | ||
| 040 |
_aCAM _bspa _cCAM |
||
| 110 | 1 |
_aEspaña _93622 |
|
| 240 | 1 | 0 | _aLeyes, etc. |
| 245 | 1 | 0 |
_aExtracto de la novissima recopilación de leyes de España _b: formada para faciliar sus estudios ... / _cpor Juan de la Reguera y Valdelomar ; anotado con el de las leyes y reales disposiciones promulgadas desde el año 1805 hasta el dia por F., E. y B. |
| 260 |
_aBarcelona : _b[s.n.], _c1845 ( _fimprenta de Ramón Martín Indár) |
||
| 300 |
_a4 v. ; _c18 cm. |
||
| 504 | _aReferencias bibliográficas. | ||
| 597 | 1 | _aVol. I (369, [3] p.) -- Vol. II (470 p.) -- Vol. III (523 p.) -- Vol. IV (538 p.) | |
| 650 | 0 | 7 |
_aDerecho _2embne _911602 |
| 700 | 1 | 1 |
_aReguera y Valdelomar, Juan de la, _erec. _9131669 |
| 700 | 1 |
_aIndár, Ramón Martín, _eimp. _9128179 |
|
| 752 |
_aEspaña - _dBarcelona |
||
| 852 |
_aES-MaACL _jC-3542-3545 _z-- Enc. hol. |
||
| 999 |
_c153720 _d153720 |
||